000 01144cam a2200289 4500
001 6613
010 _a 2011311653
020 _a0198070764
020 _a9780198070764
100 _aGovinda, R.
_b
_c
_d
_e
_q
245 0 0 _aWho goes to school? :
_bexploring exclusion in Indian education /
_cedited by R. Govinda.
250 _aFirst edition.
260 _aNew Delhi :
_bOxford University Press,
_c2011.
300 _axxvi, 419 pages ;
_c22 cm.
336 _atext
_2rdacontent
337 _aunmediated
_2rdamedia
338 _avolume
_2rdacarrier
500 _a""Consortium for Research on Educational Access, Transitions & Equity ; National University of Educational Planning and Administration.""
504 _aIncludes bibliographical references.
520 _aContributed articles.
650 0 _aEducation, Primary
_zIndia.
650 0 _aEducational equalization
_zIndia.
650 0 _aRight to educatiopn
_zIndia.
700 1 _aGovinda, R.,
_eeditor of compilation.
710 2 _aConsortium for Research on Educational Access, Transitions & Equity.
710 2 _aNational University of Educational Planning and Administration (India)
999 _c5563
_d5563